Länder mit von al-Qaida durchgeführten Terroranschlägen - Statistiken

Allgemein
  • Dieses Quiz wurde 70 mal gespielt
  • Das Durchschnittsergebnis liegt bei 9 aus 16
Antworten auf der Karte
Die Antworten werden auf der Karte rot bzw. grün angezeigt, abhängig davon wie oft sie richtig erraten wurden.
 
Antwortstatistiken
Erster Anschlag Tote (insgesamt) Land % Korrekt
26. Februar 1993 3002 Vereinigte Staaten
98%
9. September 2001 24-87 Afghanistan
80%
13. November 1995 68 Saudi-Arabien
74%
13. Februar 2010 18 Indien
73%
18. Oktober 2007 187 Pakistan
73%
7. Januar 2015 12 Frankreich
71%
29. Dezember 1992 25 Jemen
71%
15. November 2003 59 Türkei
65%
9. November 2005 63 Jordanien
52%
12. Oktober 2002 217 Indonesien
39%
8. Oktober 2002 3 Kuwait
39%
16. Mai 2003 45 Marokko
39%
11. April 2007 100 Algerien
36%
11. April 2002 20 Tunesien
33%
7. August 1998 229 Kenia
14%
7. August 1998 11 Tansania
6%
Keine übereinstimmenden Quizze gefunden
Verteilung der Resultate
Anzahl Personen mit jedem Resultat
Perzentil nach korrekt beantworteten Fragen
Ihre Resultats-Entwicklung
Sie haben dieses Quiz noch nicht gespielt